[Event "Maringa op 4th"]
[Site "Maringa"]
[Date "2014.08.23"]
[Round "8"]
[White "Garkauskas, Otto Dmitry"]
[Black "Ferreira, Paulo Muraro"]
[Result "1-0"]
[WhiteElo "2170"]
[BlackElo "1845"]
[PlyCount "42"]
[EventDate "2014.08.20"]
[EventType "swiss"]
[EventRounds "9"]
[EventCountry "BRA"]
[SourceTitle "EXT 2015"]
[Source "ChessBase"]
[SourceDate "2014.11.20"]
[SourceVersion "1"]
[SourceVersionDate "2014.11.20"]
[SourceQuality "1"]

1. d4 Nf6 2. c4 g6 3. Nc3 Bg7 4. e4 d6 5. f3 0-0 6. Be3 Nbd7 7. Nge2 a6 8. Qd2 c5 9. d5 Ne5 10. Ng3 Rb8 11. h3 Qa5 12. f4 Ned7 13. a4 Rd8 14. Be2 Nf8 15. 0-0 e6 16. f5 exd5 17. exd5 N8d7 18. Bg5 Rf8 19. Qf4 Qb6 20. fxg6 hxg6 21. Nge4 Nxe4 1-0

[Event "Maringa op 4th"]
[Site "Maringa"]
[Date "2014.08.21"]
[Round "4"]
[White "Medeiros, Francisco de Assis"]
[Black "Ferreira, Paulo Muraro"]
[Result "1-0"]
[WhiteElo "2095"]
[BlackElo "1845"]
[PlyCount "115"]
[EventDate "2014.08.20"]
[EventType "swiss"]
[EventRounds "9"]
[EventCountry "BRA"]
[SourceTitle "EXT 2015"]
[Source "ChessBase"]
[SourceDate "2014.11.20"]
[SourceVersion "1"]
[SourceVersionDate "2014.11.20"]
[SourceQuality "1"]

1. d4 Nf6 2. c4 g6 3. Nc3 Bg7 4. e4 d6 5. f3 0-0 6. Be3 a6 7. Nge2 Nbd7 8. Qd2 c5 9. Rd1 Qa5 10. Nc1 Rb8 11. Nb3 Qc7 12. d5 Ne5 13. h3 Rd8 14. Be2 Ned7 15. 0-0 Nf8 16. Bf4 Bd7 17. Bg5 b5 18. e5 dxe5 19. d6 Qxd6 20. Qxd6 exd6 21. Rxd6 Ne6 22. Bxf6 Bxf6 23. Rxa6 Bc8 24. Ra5 b4 25. Nd5 Bg5 26. Kf2 Bb7 27. Rd1 Rbc8 28. g3 Kf8 29. h4 Be7 30. Nxe7 Kxe7 31. Ra7 Rxd1 32. Bxd1 Rc7 33. Na5 Bc8 34. Ra8 Bd7 35. Bc2 f5 36. h5 Nd4 37. Bd1 Be6 38. Ke3 g5 39. Ba4 Kf6 40. Kf2 Kg7 41. Ra6 Bc8 42. Ra8 Kh6 43. Bd1 g4 44. f4 exf4 45. gxf4 Kxh5 46. Nb3 Ne6 47. Kg3 Bb7 48. Re8 Bc8 49. Nc1 Kg6 50. Nd3 Kf7 51. Rh8 Kg7 52. Re8 Rd7 53. Be2 Nd4 54. Bf1 Rc7 55. Bg2 Bd7 56. Re7+ Kf6 57. Rxh7 Kg6 58. Rxd7 1-0

[Event "Parana-ch"]
[Site "Curitiba"]
[Date "2013.01.27"]
[Round "9"]
[White "Almeida Junior, Alvaro Alves de"]
[Black "Ferreira, Paulo Muraro"]
[Result "1/2-1/2"]
[WhiteElo "1800"]
[BlackElo "1824"]
[PlyCount "56"]
[EventDate "2013.01.22"]
[EventType "swiss"]
[EventRounds "9"]
[EventCountry "BRA"]
[SourceTitle "CBM 152 Extra"]
[Source "ChessBase"]
[SourceDate "2013.02.25"]
[SourceVersion "1"]
[SourceVersionDate "2013.02.25"]
[SourceQuality "1"]

1. d4 Nf6 2. c4 g6 3. Nc3 Bg7 4. e4 d6 5. Nf3 0-0 6. Be2 e5 7. 0-0 Nc6 8. d5 Ne7 9. b4 c6 10. Qb3 a5 11. dxc6 Nxc6 12. Bg5 Nxb4 13. a3 Na6 14. Be3 Ng4 15. Bb6 Qe8 16. Bxa5 Nc5 17. Qb4 Nf6 18. Rfd1 Nfxe4 19. Nxe4 Nxe4 20. Bc7 Qd7 21. Bxd6 Nxd6 22. Qxd6 Qxd6 23. Rxd6 e4 24. Nd4 Ra6 25. Rxa6 Bxd4 26. Rd1 Bxf2+ 27. Kxf2 bxa6 28. Rd6 Kg7 1/2-1/2

[Event "Parana-ch"]
[Site "Curitiba"]
[Date "2013.01.25"]
[Round "7"]
[White "Hirota da Silva, Nilton Jose"]
[Black "Ferreira, Paulo Muraro"]
[Result "1-0"]
[WhiteElo "2058"]
[BlackElo "1824"]
[PlyCount "71"]
[EventDate "2013.01.22"]
[EventType "swiss"]
[EventRounds "9"]
[EventCountry "BRA"]
[SourceTitle "CBM 152 Extra"]
[Source "ChessBase"]
[SourceDate "2013.02.25"]
[SourceVersion "1"]
[SourceVersionDate "2013.02.25"]
[SourceQuality "1"]

1. d4 Nf6 2. e3 g6 3. b3 Bg7 4. Bb2 c5 5. d5 0-0 6. c4 Na6 7. g3 Nc7 8. Bg2 d6 9. Nc3 a6 10. a4 b6 11. Nge2 Rb8 12. 0-0 b5 13. Qc2 Nd7 14. Nd1 e5 15. dxe6 fxe6 16. Bxg7 Kxg7 17. e4 Ne5 18. f4 Nd7 19. Ne3 Bb7 20. Rad1 Qe7 21. Qc3+ Kg8 22. axb5 axb5 23. Qd3 Nf6 24. e5 dxe5 25. fxe5 Nfe8 26. Bxb7 Rxb7 27. Rxf8+ Qxf8 28. Rf1 Qe7 29. Ng4 bxc4 30. bxc4 Qg5 31. Nf6+ Kh8 32. Qd7 Nxf6 33. exf6 Qe3+ 34. Rf2 Rb1+ 35. Kg2 Qe4+ 36. Kh3 1-0

[Event "Parana-ch"]
[Site "Curitiba"]
[Date "2013.01.23"]
[Round "3"]
[White "Zini, Jhone Marcelo"]
[Black "Ferreira, Paulo Muraro"]
[Result "1-0"]
[WhiteElo "2109"]
[BlackElo "1824"]
[PlyCount "65"]
[EventDate "2013.01.22"]
[EventType "swiss"]
[EventRounds "9"]
[EventCountry "BRA"]
[SourceTitle "CBM 152 Extra"]
[Source "ChessBase"]
[SourceDate "2013.02.25"]
[SourceVersion "1"]
[SourceVersionDate "2013.02.25"]
[SourceQuality "1"]

1. d4 Nf6 2. Nf3 g6 3. c4 Bg7 4. Nc3 d6 5. e4 0-0 6. g3 a6 7. Bg2 Nc6 8. 0-0 Bd7 9. h3 Rb8 10. a4 e5 11. a5 Qc8 12. d5 Nd4 13. Kh2 b5 14. Nd2 Nh5 15. Ne2 c5 16. dxc6 Nxc6 17. cxb5 axb5 18. Nf3 Qc7 19. b4 Nf6 20. Ne1 Be6 21. Rb1 Rfd8 22. Be3 Nd7 23. Qd2 Bc4 24. Nc2 Nd4 25. Bxd4 exd4 26. Na3 d3 27. Nc1 Rdc8 28. Nxd3 Bxd3 29. Qxd3 Ne5 30. Qd5 Qc6 31. Rfd1 Bf8 32. Bf1 Qc3 33. Rb3 1-0

[Event "Parana-ch"]
[Site "Curitiba"]
[Date "2013.01.22"]
[Round "1"]
[White "Gonzalez, Bolivar Ribeiro"]
[Black "Ferreira, Paulo Muraro"]
[Result "1-0"]
[WhiteElo "2254"]
[BlackElo "1824"]
[PlyCount "157"]
[EventDate "2013.01.22"]
[EventType "swiss"]
[EventRounds "9"]
[EventCountry "BRA"]
[SourceTitle "CBM 152 Extra"]
[Source "ChessBase"]
[SourceDate "2013.02.25"]
[SourceVersion "1"]
[SourceVersionDate "2013.02.25"]
[SourceQuality "1"]

1. e4 c5 2. Nf3 Nc6 3. d4 cxd4 4. Nxd4 e5 5. Nb5 d6 6. N1c3 a6 7. Na3 b5 8. Nd5 Nge7 9. c4 Nd4 10. Be3 Nxd5 11. cxd5 Be7 12. Bxd4 exd4 13. Qxd4 0-0 14. Be2 f5 15. 0-0 Bf6 16. Qb4 fxe4 17. Nc2 Be5 18. Ne3 Qg5 19. Qxe4 Rf4 20. Qd3 Rh4 21. g3 Qh6 22. Nf5 Bxf5 23. Qxf5 Rxh2 24. Qe6+ Kf8 25. Qxh6 Rxh6 26. a4 Rb8 27. axb5 axb5 28. Ra5 Bxb2 29. Rxb5 Rxb5 30. Bxb5 Rh5 31. Rd1 Re5 32. Kg2 Kf7 33. f3 Ba3 34. Bd3 h6 35. Rb1 Bc5 36. Rb7+ Re7 37. Rb8 Re1 38. Rb7+ Kf6 39. Kh3 Rh1+ 40. Kg2 Rg1+ 41. Kh2 Re1 42. Rb8 Re7 43. Rf8+ Rf7 44. Re8 Re7 45. Rf8+ Rf7 46. Rh8 Re7 47. Be4 Ra7 48. Re8 Re7 49. Rf8+ Rf7 50. Rh8 Ra7 51. Kh3 Be3 52. Re8 Re7 53. Rd8 Bc5 54. Bh7 Re5 55. Bg8 g6 56. Be6 Re1 57. f4 Rh1+ 58. Kg2 Rg1+ 59. Kh2 Ra1 60. Rf8+ Kg7 61. Rf7+ Kh8 62. Rd7 Ra7 63. Rd8+ Kh7 64. Kh3 Ra1 65. Rd7+ Kh8 66. Bf7 g5 67. f5 Ra7 68. Rd8+ Kh7 69. Bh5 Kg7 70. Be8 Re7 71. Bg6 Ba3 72. Kg4 Bc5 73. Kh5 Ba3 74. Rb8 Bc5 75. Rd8 Ba3 76. Be8 Re1 77. Rd7+ Kf8 78. Bg6 Rh1+ 79. Kg4 1-0

[Event "Umuarama JOJUPS Cup"]
[Site "Umuarama"]
[Date "2013.??.??"]
[Round "5"]
[White "Souza, Gustavo Horokoski"]
[Black "Ferreira, Paulo Muraro"]
[Result "1/2-1/2"]
[WhiteElo "1839"]
[BlackElo "1848"]
[PlyCount "67"]
[EventDate "2013.10.19"]
[EventType "team-swiss"]
[EventRounds "6"]
[EventCountry "BRA"]
[SourceTitle "EXT 2014"]
[Source "ChessBase"]
[SourceDate "2013.11.20"]
[SourceVersion "1"]
[SourceVersionDate "2013.11.20"]
[SourceQuality "1"]
[WhiteTeam "Sao Jose dos Pinhais"]
[BlackTeam "Londrina"]
[WhiteTeamCountry "BRA"]
[BlackTeamCountry "BRA"]

1. Nf3 d5 2. b3 Bf5 3. Bb2 e6 4. e3 Nf6 5. Be2 Bd6 6. 0-0 0-0 7. d4 c5 8. Nbd2 Nc6 9. a3 Rc8 10. c4 b6 11. Rc1 Qe7 12. dxc5 bxc5 13. Nh4 Bg6 14. Nxg6 hxg6 15. Rc2 Rfd8 16. Qa1 d4 17. Kh1 e5 18. Re1 Bb8 19. Bf1 Qd6 20. exd4 exd4 21. g3 Ne5 22. b4 cxb4 23. axb4 Neg4 24. Kg1 d3 25. c5 Qd7 26. Rc4 Qf5 27. f3 Nh6 28. Bxf6 gxf6 29. Rh4 Kg7 30. Bh3 Qd5 31. Bxc8 Rxc8 32. Rd4 Qf5 33. Rde4 Re8 34. Qc1 1/2-1/2

[Event "Curitiba Oliveira Memorial"]
[Site "Curitiba"]
[Date "2012.12.16"]
[Round "5"]
[White "Broday, Gabriel Renan"]
[Black "Ferreira, Paulo Muraro"]
[Result "1-0"]
[WhiteElo "2040"]
[BlackElo "1824"]
[PlyCount "81"]
[EventDate "2012.12.14"]
[EventType "swiss"]
[EventRounds "6"]
[EventCountry "BRA"]
[SourceTitle "CBM 152 Extra"]
[Source "ChessBase"]
[SourceDate "2013.02.25"]
[SourceVersion "1"]
[SourceVersionDate "2013.02.25"]
[SourceQuality "1"]

1. e4 c5 2. Nf3 d6 3. Bc4 e6 4. Qe2 Nc6 5. c3 Nf6 6. Bb3 Be7 7. 0-0 0-0 8. Rd1 a6 9. d4 cxd4 10. cxd4 Na5 11. Bc2 b5 12. b3 Bb7 13. Bb2 Re8 14. Nbd2 Rc8 15. Rac1 Qd7 16. Nf1 Rc7 17. Ng3 Qc8 18. Bd3 Rxc1 19. Rxc1 Qb8 20. Nd2 Rc8 21. Rf1 Rc7 22. f4 Nd7 23. Kh1 Qf8 24. f5 e5 25. Nh5 f6 26. Rf3 Qe8 27. Rg3 Bf8 28. Qg4 Qf7 29. d5 Kh8 30. Nf3 Nc5 31. Bb1 Bxd5 32. exd5 Qxd5 33. Ng1 Nc6 34. Rc3 a5 35. Rc1 Nb4 36. Qe2 e4 37. Ng3 Re7 38. Nh3 Qc6 39. Nf4 d5 40. Ng6+ Kg8 41. Nxe7+ 1-0

[Event "Curitiba Oliveira Memorial"]
[Site "Curitiba"]
[Date "2012.12.15"]
[Round "3"]
[White "Chemin, Vitorio"]
[Black "Ferreira, Paulo Muraro"]
[Result "1-0"]
[WhiteElo "2190"]
[BlackElo "1824"]
[PlyCount "57"]
[EventDate "2012.12.14"]
[EventType "swiss"]
[EventRounds "6"]
[EventCountry "BRA"]
[SourceTitle "CBM 152 Extra"]
[Source "ChessBase"]
[SourceDate "2013.02.25"]
[SourceVersion "1"]
[SourceVersionDate "2013.02.25"]
[SourceQuality "1"]

1. d4 Nf6 2. Nf3 g6 3. Bf4 Bg7 4. e3 d6 5. Be2 0-0 6. 0-0 c5 7. c3 Nc6 8. Nbd2 Nd7 9. h3 cxd4 10. exd4 Qc7 11. Re1 e5 12. dxe5 dxe5 13. Bg3 Rd8 14. Bb5 f6 15. Qe2 Nb6 16. a4 Be6 17. a5 Nd5 18. a6 Bf7 19. Ne4 b6 20. Rad1 Rac8 21. Qc2 Nce7 22. Qa4 Nf5 23. Bh2 h5 24. g4 hxg4 25. hxg4 Nfe7 26. g5 f5 27. Nxe5 f4 28. Nxf7 Kxf7 29. c4 1-0

[Event "Curitiba Oliveira Memorial"]
[Site "Curitiba"]
[Date "2012.12.15"]
[Round "4"]
[White "Ferreira, Paulo Muraro"]
[Black "Moreira Dropa, Rodrigo"]
[Result "1/2-1/2"]
[WhiteElo "1824"]
[BlackElo "1987"]
[PlyCount "75"]
[EventDate "2012.12.14"]
[EventType "swiss"]
[EventRounds "6"]
[EventCountry "BRA"]
[SourceTitle "CBM 152 Extra"]
[Source "ChessBase"]
[SourceDate "2013.02.25"]
[SourceVersion "1"]
[SourceVersionDate "2013.02.25"]
[SourceQuality "1"]

1. c4 e5 2. g3 Nc6 3. Bg2 Bc5 4. e3 Nge7 5. Nc3 d6 6. Nge2 Bg4 7. 0-0 Qd7 8. Re1 0-0 9. a3 a5 10. b3 f5 11. f4 exf4 12. gxf4 Ng6 13. Rf1 Rae8 14. d4 Bb6 15. Qd3 Nh4 16. Bd5+ Kh8 17. Ng3 Ne7 18. Bh1 c6 19. b4 Ng8 20. c5 Bc7 21. d5 cxd5 22. Qxd5 b6 23. c6 Qd8 24. b5 Bh3 25. Re1 Ng6 26. Bb2 Nf6 27. Qd4 Ne7 28. Nd5 Nexd5 29. Bxd5 Qe7 30. e4 fxe4 31. Bxe4 d5 32. Bg2 Qxe1+ 33. Rxe1 Rxe1+ 34. Kf2 Bxg2 35. Kxe1 Re8+ 36. Kd2 Be4 37. Ne2 Bf3 38. Ng3 1/2-1/2

[Event "Curitiba Oliveira Memorial"]
[Site "Curitiba"]
[Date "2012.12.14"]
[Round "2"]
[White "Ferreira, Paulo Muraro"]
[Black "Sekula, Markley Ribas"]
[Result "1-0"]
[WhiteElo "1824"]
[BlackElo "2062"]
[PlyCount "71"]
[EventDate "2012.12.14"]
[EventType "swiss"]
[EventRounds "6"]
[EventCountry "BRA"]
[SourceTitle "CBM 152 Extra"]
[Source "ChessBase"]
[SourceDate "2013.02.25"]
[SourceVersion "1"]
[SourceVersionDate "2013.02.25"]
[SourceQuality "1"]

1. c4 Nf6 2. g3 e6 3. Bg2 d5 4. Nf3 Be7 5. 0-0 0-0 6. b3 c5 7. e3 Nc6 8. Bb2 dxc4 9. bxc4 Ne4 10. Qe2 Bf6 11. d4 Qb6 12. Na3 cxd4 13. exd4 Nc5 14. Rab1 Na4 15. Ba1 Qa5 16. Rfc1 a6 17. c5 Nb6 18. Rxb6 Qxa3 19. Rc3 Qa4 20. Rc4 Qa3 21. Qc2 e5 22. Ra4 Bf5 23. Rxa3 Bxc2 24. dxe5 Be7 25. Rc3 Be4 26. Ne1 Bxg2 27. Kxg2 Nxe5 28. Rxb7 Bf6 29. Rc1 Nc6 30. Bxf6 gxf6 31. Nf3 Rfd8 32. Rcb1 Rac8 33. R7b6 Rd5 34. Rxa6 Rxc5 35. Rbb6 Kg7 36. a4 1-0

[Event "Parana-chT U18"]
[Site "Sao Jose dos Pinhais"]
[Date "2012.11.19"]
[Round "6.2"]
[White "Fonseca, Breno Caetano"]
[Black "Ferreira, Paulo Muraro"]
[Result "0-1"]
[WhiteElo "1744"]
[BlackElo "1824"]
[PlyCount "52"]
[EventDate "2012.11.14"]
[EventType "team-swiss"]
[EventRounds "7"]
[EventCountry "BRA"]
[SourceTitle "EXT 2024"]
[Source "ChessBase"]
[SourceDate "2023.10.10"]
[SourceVersion "1"]
[SourceVersionDate "2023.10.10"]
[SourceQuality "1"]
[WhiteTeam "Foz do Iguacu"]
[BlackTeam "Sao Jose dos Pinhais"]
[WhiteTeamCountry "BRA"]
[BlackTeamCountry "BRA"]

1. b4 c6 2. Bb2 a5 3. a3 d5 4. e3 Nd7 5. Nf3 Qb6 6. Bd4 Qc7 7. c4 e5 8. Bb2 axb4 9. cxd5 cxd5 10. axb4 Rxa1 11. Bxa1 Ngf6 12. Bb5 Bd6 13. h3 0-0 14. 0-0 e4 15. Nh4 Ne5 16. f4 Ng6 17. Bxf6 gxf6 18. Nxg6 fxg6 19. Nc3 Qf7 20. Qc2 Be6 21. Rb1 Rc8 22. Qa4 Bb8 23. Be2 g5 24. fxg5 fxg5 25. Qd1 Rf8 26. Qf1 Qc7 0-1

[Event "Sao Jose dos Pinhais tt"]
[Site "Sao Jose dos Pinhais"]
[Date "2012.11.17"]
[Round "4.2"]
[White "Da Silva, Lucas Tacconi"]
[Black "Ferreira, Paulo Muraro"]
[Result "1-0"]
[WhiteElo "2041"]
[BlackElo "1824"]
[PlyCount "103"]
[EventDate "2012.11.14"]
[EventType "team-swiss"]
[EventRounds "7"]
[EventCountry "BRA"]
[SourceTitle "CBM 151 Extra"]
[Source "ChessBase"]
[SourceDate "2012.12.18"]
[SourceVersion "1"]
[SourceVersionDate "2012.12.18"]
[SourceQuality "1"]
[WhiteTeam "Londrina"]
[BlackTeam "Sao Jose dos Pinhais"]
[WhiteTeamCountry "BRA"]
[BlackTeamCountry "BRA"]

1. c4 Nf6 2. Nc3 g6 3. g3 Bg7 4. Bg2 d6 5. Nf3 0-0 6. 0-0 e5 7. d3 h6 8. Rb1 a5 9. a3 Nc6 10. b4 axb4 11. axb4 Be6 12. b5 Ne7 13. Bb2 Qd7 14. Re1 Bh3 15. Bh1 Ng4 16. Qb3 f5 17. Ra1 Kh7 18. Rxa8 Rxa8 19. Ba3 f4 20. Rb1 Nf5 21. Ne4 Qd8 22. Bg2 Bxg2 23. Kxg2 b6 24. Bb2 fxg3 25. hxg3 Nf6 26. Ra1 Nxe4 27. dxe4 Nd4 28. Nxd4 exd4 29. Rd1 Qh8 30. Rd3 Ra5 31. f3 Ra7 32. Kf1 Ra5 33. Qd1 Qg8 34. Qb3 Qh8 35. Rd1 Ra7 36. Qd3 Qa8 37. Bxd4 Ra3 38. Qd2 Qa5 39. Bxg7 Qxd2 40. Rxd2 Kxg7 41. e5 dxe5 42. Rd7+ Kf6 43. Rxc7 Rc3 44. Rc6+ Kf5 45. Rxb6 Rxc4 46. Rb8 Rb4 47. b6 Rb3 48. b7 Kg5 49. Kg2 Rb2 50. Kh3 Rb4 51. e3 Rb3 52. g4 1-0

[Event "Maringa op"]
[Site "Maringa"]
[Date "2011.12.19"]
[Round "4"]
[White "Cathcart, Joice"]
[Black "Ferreira, Paulo Muraro"]
[Result "0-1"]
[WhiteElo "1915"]
[BlackElo "1785"]
[PlyCount "86"]
[EventDate "2011.12.17"]
[EventType "swiss"]
[EventRounds "9"]
[EventCountry "BRA"]
[SourceTitle "CBM 146 Extra"]
[Source "ChessBase"]
[SourceDate "2012.02.29"]
[SourceVersion "1"]
[SourceVersionDate "2012.02.29"]
[SourceQuality "1"]

1. e4 c5 2. d3 Nc6 3. Nf3 d6 4. g3 g6 5. Bg2 Bg7 6. 0-0 e6 7. Nbd2 Nge7 8. c3 Rb8 9. Re1 0-0 10. Nf1 b5 11. Be3 b4 12. Qd2 bxc3 13. bxc3 Qa5 14. Rac1 Re8 15. Bh6 Bh8 16. h4 Qa3 17. Rc2 Ba6 18. Ng5 Nd8 19. Bh3 Nc8 20. h5 f6 21. Nf3 Nf7 22. hxg6 hxg6 23. Be3 Ne5 24. Nxe5 dxe5 25. Nh2 Kf7 26. Qe2 Nd6 27. Bc1 Qa4 28. Bg2 Rb1 29. Rb2 Rb8 30. Rxb8 Rxb8 31. Qe3 Qa5 32. Bd2 Rb2 33. a3 Nb5 34. Bc1 Rc2 35. Qxc5 Qxc3 36. Qe3 Bg7 37. Nf3 Nd4 38. Rd1 Bxd3 39. Rxd3 Rxc1+ 40. Kh2 Qc5 41. Nxd4 exd4 42. Rxd4 Ke7 43. Qd2 Qc7 0-1

[Event "Maringa op"]
[Site "Maringa"]
[Date "2011.12.19"]
[Round "5"]
[White "Ferreira, Paulo Muraro"]
[Black "Cella, Glaucio Dalla Cortt"]
[Result "1-0"]
[WhiteElo "1785"]
[BlackElo "2014"]
[PlyCount "131"]
[EventDate "2011.12.17"]
[EventType "swiss"]
[EventRounds "9"]
[EventCountry "BRA"]
[SourceTitle "CBM 146 Extra"]
[Source "ChessBase"]
[SourceDate "2012.02.29"]
[SourceVersion "1"]
[SourceVersionDate "2012.02.29"]
[SourceQuality "1"]

1. e4 c5 2. Nf3 e6 3. d4 cxd4 4. Nxd4 Nf6 5. Nc3 Bb4 6. e5 Nd5 7. Bd2 Bxc3 8. bxc3 Qc7 9. f4 a6 10. Qg4 0-0 11. Bd3 Nc6 12. 0-0 Qb6 13. Qh4 f5 14. Qf2 Qc5 15. Nxc6 Qxf2+ 16. Kxf2 dxc6 17. c4 Nc7 18. Ba5 Rf7 19. c5 Kf8 20. Bxc7 Rxc7 21. Rfd1 Kf7 22. Bc4 Rd7 23. Rd6 b5 24. Bb3 Rxd6 25. exd6 Kf6 26. Re1 a5 27. a3 Bd7 28. Kg3 h6 29. h4 Rg8 30. h5 g5 31. hxg6 Rxg6+ 32. Kf3 Rg8 33. Rb1 Rh8 34. c3 Be8 35. Ba2 Bd7 36. Bb3 Be8 37. Kf2 Bd7 38. Bd1 Re8 39. Bh5 Rb8 40. Bf3 Re8 41. Re1 Rb8 42. Ke3 b4 43. axb4 axb4 44. Rb1 b3 45. Rb2 e5 46. g3 Ke6 47. Bd1 exf4+ 48. Kxf4 Kd5 49. Rxb3 Rg8 50. Rb7 Rg7 51. Bb3+ Kxc5 52. Ke5 Rxg3 53. Rxd7 Re3+ 54. Kxf5 Rxc3 55. Bf7 Rd3 56. Ke6 Re3+ 57. Kf6 Rf3+ 58. Ke7 h5 59. Bxh5 Re3+ 60. Kd8 Rd3 61. Kc7 Ra3 62. Rd8 Ra7+ 63. Kb8 Kb6 64. Be8 c5 65. Rd7 Ra1 66. Rb7+ 1-0

[Event "Maringa op"]
[Site "Maringa"]
[Date "2011.12.18"]
[Round "2"]
[White "Da Silva, Lucas Henrique Lins"]
[Black "Ferreira, Paulo Muraro"]
[Result "1-0"]
[WhiteElo "2083"]
[BlackElo "1785"]
[PlyCount "83"]
[EventDate "2011.12.17"]
[EventType "swiss"]
[EventRounds "9"]
[EventCountry "BRA"]
[SourceTitle "CBM 146 Extra"]
[Source "ChessBase"]
[SourceDate "2012.02.29"]
[SourceVersion "1"]
[SourceVersionDate "2012.02.29"]
[SourceQuality "1"]

1. Nf3 Nf6 2. d4 g6 3. Nbd2 Bg7 4. e4 d6 5. Bd3 c5 6. dxc5 dxc5 7. Qe2 Nc6 8. 0-0 0-0 9. Nb3 b6 10. h3 Qc7 11. Bg5 Nh5 12. c3 Nf4 13. Qe3 e5 14. Bc4 Be6 15. Bxe6 fxe6 16. Rad1 h6 17. Bh4 g5 18. Bg3 Rad8 19. Nc1 Rf7 20. Rxd8+ Qxd8 21. Bxf4 exf4 22. Qe2 Ne5 23. Nxe5 Bxe5 24. Qg4 Qf6 25. Qd1 Bc7 26. Qd3 Qg6 27. Qe2 Qg7 28. Qh5 Kh7 29. Qd1 Kg8 30. Kh1 Qh7 31. f3 h5 32. Qa4 Re7 33. Qxa7 g4 34. Qa8+ Kf7 35. Rd1 Qg8 36. Qxg8+ Kxg8 37. hxg4 hxg4 38. Kg1 g3 39. Kf1 Rh7 40. Ke2 Kf7 41. Kd3 b5 42. c4 1-0

[Event "Curitiba IRT 74 Aniversario CC"]
[Site "Curitiba"]
[Date "2011.11.25"]
[Round "1"]
[White "Hengles, Roberto Carlos"]
[Black "Ferreira, Paulo Muraro"]
[Result "1-0"]
[WhiteElo "1927"]
[BlackElo "2083"]
[PlyCount "74"]
[EventDate "2011.11.25"]
[EventType "swiss"]
[EventRounds "6"]
[EventCountry "BRA"]
[SourceTitle "EXT 2022"]
[Source "ChessBase"]
[SourceDate "2021.10.06"]
[SourceVersion "1"]
[SourceVersionDate "2021.10.06"]
[SourceQuality "1"]

1. e4 c5 2. Nf3 d6 3. d4 cxd4 4. Nxd4 Nf6 5. Nc3 a6 6. Bc4 e6 7. a3 Be7 8. 0-0 0-0 9. Ba2 b5 10. f4 Bb7 11. Qd3 Nbd7 12. Nb3 Qc7 13. Qe2 Rac8 14. f5 exf5 15. Rxf5 Ne5 16. Nd2 b4 17. axb4 Qb6+ 18. Kh1 Qxb4 19. Bb3 Qb6 20. Nc4 Qc7 21. Ne3 Nxe4 22. Nxe4 Bxe4 23. Rf4 Bb7 24. Rd4 Qb6 25. Nf5 Qc7 26. Bd2 Nc6 27. Rg4 g6 28. Nh6+ Kg7 29. Bc3+ Ne5 30. Nf5+ Kg8 31. Rc4 Qd7 32. Nh6+ Kg7 33. Bxe5+ dxe5 34. Rd1 Qh3 35. Ng4 f6 36. Rd3 Qh5 37. Rd7 Rfe8 1-0

[Event "Barrinha op"]
[Site "Barrinha"]
[Date "2011.10.16"]
[Round "5.16"]
[White "De Almeida, Guilherme Pereira"]
[Black "Ferreira, Paulo Muraro"]
[Result "0-1"]
[WhiteElo "1839"]
[BlackElo "1785"]
[PlyCount "71"]
[EventDate "2011.10.14"]
[EventType "swiss"]
[EventRounds "6"]
[EventCountry "BRA"]
[SourceTitle "EXT 2022"]
[Source "ChessBase"]
[SourceDate "2021.10.06"]
[SourceVersion "1"]
[SourceVersionDate "2021.10.06"]
[SourceQuality "1"]

1. Nf3 d5 2. g3 Nf6 3. Bg2 c6 4. 0-0 Bf5 5. d4 e6 6. b3 Be7 7. Bb2 h6 8. Nbd2 0-0 9. c4 Nbd7 10. Ne5 Nxe5 11. dxe5 Nd7 12. e4 dxe4 13. Bxe4 Nc5 14. Bxf5 exf5 15. Qe2 Qd3 16. Rfe1 Rad8 17. Nf1 Rd7 18. Qh5 g6 19. Qxh6 Ne6 20. Ne3 Bg5 21. Qh3 Bxe3 22. Rxe3 Qc2 23. Ba3 c5 24. Qf1 Rd2 25. Bc1 Rd1 26. Re1 Rfd8 27. Be3 Rxa1 28. Rxa1 Nd4 29. Bxd4 cxd4 30. Qd1 d3 31. Rc1 Qxa2 32. Kg2 d2 33. c5 Rd3 34. c6 dxc1Q 35. Qxc1 bxc6 36. Qxc6 0-1